000 00535cas a22001694i 4500
999 _c60060
_d60060
001 768714001
003 CO-MdFUSB
005 20180414083006.0
008 180414s2005 cr ||||| |||| 00| 0 spa d
040 _aCO-MdFUSB
_bspa
_cCO-MdFUSB
_dCO-MdFUSB
041 _aspa
100 1 _aSimpson, Charles
_eautor
245 1 0 _aEnséñanos a orar
300 _aVolumen 6. Número 17 (2005), páginas 258-259
_c: 28 cm.
773 0 _tConquista Cristiana
_049446
_960360
_gVolumen 6. Número 17 (2005), páginas 258-259
_qpágina 258
942 _cANA